| 000 | 01049nam0a22003011 4500 | ||
|---|---|---|---|
| 001 | rc\4299648 | ||
| 005 | 20130416124944.1 | ||
| 021 |
_aRU _b[64-48480] |
||
| 035 | _a(NLR Aleph) 008501243 | ||
| 090 |
_a8110397 _c8110397 |
||
| 100 | _a20130416d1964 |||y0rusy50 ca | ||
| 101 | 1 |
_arus _cger |
|
| 102 | _aRU | ||
| 105 | _aa z ||||| | ||
| 200 | 1 |
_aГальваническое хромирование _eБлестящее и твердое _fПер. с нем. инж. Н.Б. Сциборовской |
|
| 210 |
_aМосква _cМашиностроение _d1964 |
||
| 215 |
_a152 с. _cил. _d22 |
||
| 300 | _aДоп. тит. л.: Robert Weiner. Die galvanische Verchromung | ||
| 320 | _aБиблиогр.: с. 149-150 (45 назв.) | ||
| 513 | 0 | _aDie galvanische Verchromung | |
| 606 |
_aХромирование _2psbo |
||
| 700 | 1 |
_aВайнер _bР. _gРоберт |
|
| 702 | 1 |
_aСциборовская _bН. Б. _4730 |
|
| 801 | 0 |
_aRU _bNLR _gpsbo |
|
| 801 | 1 |
_aRU _bELAR _2rusmarc |
|
| 852 |
_aNLR _j64-5/3249 |
||
| 942 | _cBOOK | ||
| 980 | _aNB | ||